1996 NFL Pro Bowlers - Statistics

General Stats
  • This quiz has been taken 6 times
  • The average score is 20 of 96
Answer Stats
Position/Conference Answer Team % Correct
AFC Quarterback Drew Bledsoe New England Patriots
100%
AFC Running Back Jerome Bettis Pittsburgh Steelers
100%
AFC Quarterback John Elway Denver Broncos
100%
NFC Running Back Barry Sanders Detroit Lions
67%
NFC Quarterback Brett Favre Green Bay Packers
67%
AFC Offensive Guard Bruce Matthews Houston Oilers
67%
NFC Wide Receiver Cris Carter Minnesota Vikings
67%
NFC Cornerback Deion Sanders Dallas Cowboys
67%
NFC Cornerback Eric Davis Carolina Panthers
67%
NFC Wide Receiver Isaac Bruce St. Louis Rams
67%
NFC Wide Receiver Jerry Rice San Francisco 49ers
67%
AFC Linebacker Junior Seau San Diego Chargers
67%
AFC Wide Receiver Keenan McCardell Jacksonville Jaguars
67%
NFC Offensive Guard Larry Allen Dallas Cowboys
67%
AFC Quarterback Mark Brunell Jacksonville Jaguars
67%
NFC Defensive End Reggie White Green Bay Packers
67%
NFC Quarterback Steve Young San Francisco 49ers
67%
AFC Running Back Terrell Davis Denver Broncos
67%
NFC Running Back Terry Allen Washington Redskins
67%
NFC Quarterback Troy Aikman Dallas Cowboys
67%
AFC Tight End Ben Coates New England Patriots
33%
AFC Defensive End Bruce Smith Buffalo Bills
33%
AFC Wide Receiver Carl Pickens Cincinnati Bengals
33%
AFC Defensive Tackle Cortez Kennedy Seattle Seahawks
33%
AFC Running Back Curtis Martin New England Patriots
33%
AFC Linebacker Derrick Thomas Kansas City Chiefs
33%
NFC Quarterback Gus Frerotte Washington Redskins
33%
NFC Wide Receiver Herman Moore Detroit Lions
33%
NFC Quarterback Kerry Collins Carolina Panthers
33%
NFC Offensive Tackle Lomas Brown Arizona Cardinals
33%
NFC Offensive Guard Randall McDaniel Minnesota Vikings
33%
NFC Running Back Ricky Watters Philadelphia Eagles
33%
AFC Cornerback Rod Woodson Pittsburgh Steelers
33%
AFC Tight End Shannon Sharpe Denver Broncos
33%
AFC Wide Receiver Tim Brown Oakland Raiders
33%
AFC Offensive Tackle Tony Boselli Jacksonville Jaguars
33%
AFC Quarterback Vinny Testaverde Baltimore Ravens
33%
NFC Tight End Wesley Walls Carolina Panthers
33%
NFC Cornerback Aeneas Williams Arizona Cardinals
0%
AFC Defensive End Alfred Williams Denver Broncos
0%
AFC Cornerback Ashley Ambrose Cincinnati Bengals
0%
AFC Linebacker Bill Romanowski Denver Broncos
0%
AFC Safety Blaine Bishop Houston Oilers
0%
AFC Offensive Tackle Bruce Armstrong New England Patriots
0%
NFC Defensive Tackle Bryant Young San Francisco 49ers
0%
AFC Linebacker Bryce Paup Buffalo Bills
0%
AFC Safety Carnell Lake Pittsburgh Steelers
0%
AFC Kicker Cary Blanchard Indianapolis Colts
0%
AFC Linebacker Chad Brown Pittsburgh Steelers
0%
AFC Defensive Tackle Chester McGlockton Oakland Raiders
0%
AFC Punter Chris Gardocki Indianapolis Colts
0%
AFC Cornerback Dale Carter Kansas City Chiefs
0%
NFC Cornerback Darrell Green Washington Redskins
0%
NFC Safety Darren Woodson Dallas Cowboys
0%
AFC Returner Dave Meggett New England Patriots
0%
AFC Center Dermontti Dawson Pittsburgh Steelers
0%
NFC Defensive Tackle Eric Swann Arizona Cardinals
0%
NFC Offensive Tackle Erik Williams Dallas Cowboys
0%
NFC Center Frank Winters Green Bay Packers
0%
AFC Offensive Tackle Gary Zimmerman Denver Broncos
0%
NFC Linebacker Hardy Nickerson Tampa Bay Buccaneers
0%
NFC Wide Receiver Irving Fryar Philadelphia Eagles
0%
NFC Special Teamer Jim Schwantz Dallas Cowboys
0%
AFC Special Teamer John Henry Mills Houston Oilers
0%
NFC Kicker John Kasay Carolina Panthers
0%
NFC Defensive Tackle John Randle Minnesota Vikings
0%
NFC Tight End Keith Jackson Green Bay Packers
0%
NFC Linebacker Ken Harvey Washington Redskins
0%
NFC Center Kevin Glover Detroit Lions
0%
NFC Linebacker Kevin Greene Carolina Panthers
0%
AFC Fullback Kimble Anders Kansas City Chiefs
0%
NFC Linebacker Lamar Lathon Carolina Panthers
0%
NFC Fullback Larry Centers Arizona Cardinals
0%
NFC Safety LeRoy Butler Green Bay Packers
0%
AFC Linebacker Levon Kirkland Pittsburgh Steelers
0%
AFC Center Mark Stepnoski Houston Oilers
0%
NFC Punter Matt Turk Washington Redskins
0%
NFC Safety Merton Hanks San Francisco 49ers
0%
NFC Returner Michael Bates Carolina Panthers
0%
AFC Defensive Tackle Michael Dean Perry Denver Broncos
0%
AFC Defensive End Michael Sinclair Seattle Seahawks
0%
NFC Offensive Guard Nate Newton Dallas Cowboys
0%
NFC Center Ray Donaldson Dallas Cowboys
0%
AFC Offensive Tackle Richmond Webb Miami Dolphins
0%
AFC Offensive Guard Ruben Brown Buffalo Bills
0%
NFC Linebacker Sam Mills Carolina Panthers
0%
AFC Safety Steve Atwater Denver Broncos
0%
AFC Cornerback Terry McDaniel Oakland Raiders
0%
AFC Wide Receiver Tony Martin San Diego Chargers
0%
NFC Defensive End Tony Tolbert Dallas Cowboys
0%
AFC Safety Tyrone Braxton Denver Broncos
0%
NFC Defensive End William Fuller Philadelphia Eagles
0%
NFC Linebacker William Thomas Philadelphia Eagles
0%
AFC Defensive End Willie McGinest New England Patriots
0%
NFC Offensive Tackle Willie Roaf New Orleans Saints
0%
AFC Offensive Guard Will Shields Kansas City Chiefs
0%
No matching quizzes found
Score Distribution
Percent of People with Each Score
Percentile by Number Answered
Your Score History
You have not taken this quiz